| 000 | 00718nam a2200217 a 4500 | ||
|---|---|---|---|
| 005 | 20140310183540.0 | ||
| 008 | 111109s19uu xx 00 eng d | ||
| 020 | _a978141291651 | ||
| 050 |
_aLB 1585 _b.G73 2008 |
||
| 100 | _aGregory, Gayle H. | ||
| 245 |
_aDifferentiated instructional strategies for science, grades K-8 / _cGayle H. Gregory, Elizabeth Hammerman. |
||
| 260 |
_aCalifornia : _bCorwin Press, _c2008. |
||
| 300 |
_a177 p. : _bill. ; _c25 cm. |
||
| 521 | _aEDU | ||
| 650 |
_aScience _xStudy and teaching (Elementary) |
||
| 650 |
_aScience _xStudy and teaching (Middle school) |
||
| 650 | _aIndividualized instruction | ||
| 700 | _aHammerman, Elizabeth | ||
| 942 |
_cBK _2lcc _kFOR |
||
| 999 |
_c24789 _d24789 |
||